College Quizbowl Stats
College Quizbowl Stats
Circuits
Seasons
Sets
Records
Detailed Stats
About
Loading...
2024 ACF Fall at Washington
Tossups
Bonuses
Players
Teams
Categories (Tossup)
Categories (Bonus)
Habby Zoud
Alberta A
Categories
Category
Powers
Gets
Negs
BBs
Points
Earliest Buzz
Avg. Buzz
First Buzzes
Top 3 Buzzes
Current Events
0
1
0
0
10
108
108.00
0
0
Literature - British Literature
0
1
0
0
10
71
71.00
0
0
Religion
0
0
1
0
-5
0.00
0
0
Social Science
0
0
1
0
-5
0.00
0
0
Literature - World Literature
0
0
2
0
-10
0.00
0
0
Buzzes
Category
Answer
Value
Buzz Position
Social Science
crime
-5
37
Literature - British Literature
Peter Pan; or, the Boy Who Wouldn't Grow Up
10
71
Literature - World Literature
Water Margin
-5
76
Religion
bowing
-5
82
Literature - World Literature
Isabel Allende
-5
84
Current Events
water
10
108
Previous
1
Next